Statistics for Countries with embassies and consulates in Burkina Faso

Click here to take the quiz!

General Stats

  • This quiz has been taken 25 times
  • The average score is 21 of 26

Answer Stats

ContinentCountry% Correct
AfricaAlgeria
96%
EuropeFrance
96%
EuropeBelgium
92%
South AmericaBrazil
92%
AsiaChina
92%
North AmericaUnited States of America
92%
North AmericaCanada
88%
AfricaChad
88%
AfricaEgypt
88%
EuropeGermany
88%
AfricaNiger
88%
AfricaNigeria
88%
North AmericaCuba
83%
AfricaLibya
83%
AfricaGhana
79%
Asia/ EuropeTurkey
79%
EuropeDenmark
75%
AfricaIvory Coast
75%
AsiaJapan
75%
AfricaMali
75%
AfricaSenegal
71%
AfricaSouth Africa
71%
AfricaMorocco
67%
EuropeSweden
58%
AsiaSaudi Arabia
50%
EuropeLuxembourg
25%

Score Distribution

Percentile by Number Answered

Percent of People with Each Score

Your Score History

You have not taken this quiz